[Event "01sen.Chess Org-Pokal -Senioren-"]
[Site "Bad Zwischenahn(30.07.-08-08)"]
[Date "2004.??.??"]
[Round "4.6"]
[White "Oser, Thor"]
[Black "Gudat, Alfons"]
[Result "0-1"]
[WhiteElo "1604"]
[BlackElo "1954"]
[PlyCount "74"]
[EventDate "2004.08.??"]
[SourceDate "2005.04.17"]

1. e4 c5 2. Nc3 Nc6 3. f4 e6 4. Nf3 d6 5. d3 Be7 6. g3 Nf6 7. Bg2 O-O 8. O-O
Rb8 9. h3 b5 10. e5 Ne8 11. Ne4 d5 12. Nf2 f6 13. h4 Bd7 14. Re1 Nc7 15. Ng4 f5
16. Nf2 d4 17. Ng5 h6 18. Ngh3 Be8 19. Bf3 Nd5 20. Kh2 a5 21. Bd2 b4 22. Bxd5
Qxd5 23. b3 Nd8 24. Qe2 Bc6 25. Rg1 a4 26. h5 Ra8 27. g4 axb3 28. cxb3 Qf3 29.
Qxf3 Bxf3 30. g5 Kh7 31. gxh6 gxh6 32. Bc1 Bxh5 33. a4 bxa3 34. Rxa3 Nc6 35.
Bb2 Rxa3 36. Bxa3 Ra8 37. Ra1 c4 0-1

[Event "01sen.Chess Org-Pokal -Senioren-"]
[Site "Bad Zwischenahn(30.07.-08-08)"]
[Date "2004.??.??"]
[Round "4.7"]
[White "Ziltener, Werner"]
[Black "Schwirz, Horst"]
[Result "1-0"]
[WhiteElo "1818"]
[BlackElo "1505"]
[PlyCount "93"]
[EventDate "2004.08.??"]
[SourceDate "2005.04.17"]

1. d4 Nf6 2. Nf3 g6 3. Nc3 d5 4. Bf4 Bg7 5. e3 c5 6. dxc5 Qa5 7. Be5 Na6 8.
Bb5+ Kf8 9. a3 Ne4 10. b4 Nxb4 11. axb4 Qxb4 12. Qxd5 Bxe5 13. Qxe5 Qxc3+ 14.
Qxc3 Nxc3 15. Bd3 f6 16. e4 Bd7 17. Nd4 Na4 18. c6 bxc6 19. Rxa4 c5 20. Bb5 Rb8
21. Kd2 Bxb5 22. Nxb5 Rxb5 23. Rxa7 Kf7 24. Rd1 Rd8+ 25. Ke2 Rxd1 26. Kxd1 Rb1+
27. Ke2 Ke6 28. f4 Rh1 29. h3 h5 30. Ra6+ Kd7 31. e5 fxe5 32. fxe5 e6 33. Rd6+
Ke7 34. Rc6 Ra1 35. Rxc5 Kd7 36. Rb5 Kc7 37. Rb3 Ra8 38. Rg3 Rg8 39. h4 Kc6 40.
Rd3 Kc5 41. Rd6 Re8 42. Ke3 Kc4 43. Ke4 Rf8 44. Rc6+ Kb5 45. Rxe6 Rf2 46. Rxg6
Rxc2 47. g3 1-0

[Event "01sen.Chess Org-Pokal -Senioren-"]
[Site "Bad Zwischenahn(30.07.-08-08)"]
[Date "2004.??.??"]
[Round "4.8"]
[White "Papworth, Dennis"]
[Black "Weber, Siegfried"]
[Result "1/2-1/2"]
[WhiteElo "1489"]
[BlackElo "1573"]
[PlyCount "63"]
[EventDate "2004.08.??"]
[SourceDate "2005.04.17"]

1. e4 c5 2. Nf3 Nc6 3. c4 d6 4. Nc3 Nf6 5. h3 g6 6. d3 Bg7 7. Bg5 O-O 8. Qd2
Be6 9. Be2 Qa5 10. O-O a6 11. Bh6 Nd4 12. Bxg7 Nxe2+ 13. Qxe2 Kxg7 14. Ng5 Qc7
15. a4 h6 16. Nxe6+ fxe6 17. Qe3 Rae8 18. Ne2 e5 19. Qd2 Nh5 20. b4 Nf4 21. a5
Nxe2+ 22. Qxe2 cxb4 23. Rfb1 b6 24. Rxb4 bxa5 25. Rba4 Rb8 26. Qd2 Qb7 27. Rxa5
Qb6 28. Qe3 Qxe3 29. fxe3 Rb2 30. R5a2 Rb3 31. Ra3 Rb2 32. R3a2 1/2-1/2

[Event "01sen.Chess Org-Pokal -Senioren-"]
[Site "Bad Zwischenahn(30.07.-08-08)"]
[Date "2004.??.??"]
[Round "4.9"]
[White "Borger, Martin"]
[Black "Bullock, Alfred"]
[Result "1/2-1/2"]
[WhiteElo "1650"]
[BlackElo "1499"]
[PlyCount "120"]
[EventDate "2004.08.??"]
[SourceDate "2005.04.17"]

1. e4 c5 2. Nf3 b6 3. d4 cxd4 4. Nxd4 Bb7 5. Nc3 Nc6 6. Nxc6 Bxc6 7. Bd3 g6 8.
O-O Bg7 9. Nd5 Nf6 10. Nxf6+ Bxf6 11. f4 O-O 12. c3 e5 13. f5 d5 14. Bh6 Bg7
15. Bxg7 Kxg7 16. f6+ Kh8 17. Qe2 d4 18. Rad1 dxc3 19. bxc3 Qc7 20. Qe3 Rad8
21. Qh6 Rg8 22. Rf3 Bd7 23. Rg3 Qc5+ 24. Kh1 Qf8 25. Qe3 Bb5 26. Qe2 Qd6 27. h3
Rge8 28. Kh2 Re6 29. c4 Bxc4 30. Bxc4 Qxd1 31. Qxd1 Rxd1 32. Bxe6 fxe6 33. Rc3
Kg8 34. Rc7 Rd4 35. Rg7+ Kf8 36. Rxa7 Rxe4 37. Re7 Kg8 38. Rxe6 Kf7 39. Rxb6
Ra4 40. Kg3 Rxa2 41. Kf3 Ra4 42. g3 h5 43. Ke3 g5 44. Rc6 h4 45. g4 Rf4 46.
Rc7+ Kg6 47. f7 Rxf7 48. Rc6+ Rf6 49. Rc5 Ra6 50. Ke4 Kf6 51. Rc3 Ra4+ 52. Ke3
Rf4 53. Rc6+ Kf7 54. Rh6 e4 55. Rc6 Rf3+ 56. Kxe4 Rxh3 57. Kf5 Rf3+ 58. Kxg5 h3
59. Rh6 Kg7 60. Rh4 Ra3 1/2-1/2

[Event "01sen.Chess Org-Pokal -Senioren-"]
[Site "Bad Zwischenahn(30.07.-08-08)"]
[Date "2004.??.??"]
[Round "5.1"]
[White "Wicklund-Hansen, Richard"]
[Black "Struck, Bernd Dieter,Dr."]
[Result "1-0"]
[WhiteElo "2032"]
[BlackElo "1976"]
[PlyCount "67"]
[EventDate "2004.08.??"]
[SourceDate "2005.04.17"]

1. e4 c6 2. d3 d5 3. Nd2 dxe4 4. dxe4 e5 5. Ngf3 Qc7 6. Bc4 h6 7. O-O Bg4 8. h3
Bh5 9. c3 Nd7 10. Qc2 Ngf6 11. Re1 Be7 12. Nf1 O-O 13. N3h2 b5 14. Be2 Bxe2 15.
Qxe2 Bc5 16. Ng4 Nxg4 17. Qxg4 Nf6 18. Qh4 Qe7 19. Ng3 Nh7 20. Qh5 Nf6 21. Qf3
Nh7 22. Nf5 Qf6 23. h4 Rfd8 24. Qg3 Kh8 25. Be3 Bxe3 26. Rxe3 Rg8 27. Rd1 g5
28. Rd6 gxh4 29. Qh2 Qg5 30. Nxh6 Rg7 31. Nf5 Rg6 32. Rxg6 fxg6 33. Qxe5+ Nf6
34. Nxh4 1-0

[Event "01sen.Chess Org-Pokal -Senioren-"]
[Site "Bad Zwischenahn(30.07.-08-08)"]
[Date "2004.??.??"]
[Round "5.2"]
[White "Budt, Karl-Heinz"]
[Black "Johne, Siegfried"]
[Result "1-0"]
[WhiteElo "2028"]
[BlackElo "1863"]
[PlyCount "39"]
[EventDate "2004.08.??"]
[SourceDate "2005.04.17"]

1. Nf3 d5 2. b3 Nf6 3. Bb2 Bf5 4. e3 h6 5. Be2 e6 6. O-O Bd6 7. d4 Nc6 8. c4
O-O 9. Nc3 Re8 10. c5 Bf8 11. Bb5 Nd7 12. Bxc6 bxc6 13. Na4 f6 14. Nh4 Bh7 15.
f4 e5 16. f5 exd4 17. exd4 Re4 18. g3 Qc8 19. Bc1 g5 20. fxg6 1-0

[Event "01sen.Chess Org-Pokal -Senioren-"]
[Site "Bad Zwischenahn(30.07.-08-08)"]
[Date "2004.??.??"]
[Round "5.3"]
[White "Gudat, Alfons"]
[Black "Ziltener, Werner"]
[Result "1-0"]
[WhiteElo "1954"]
[BlackElo "1818"]
[PlyCount "97"]
[EventDate "2004.08.??"]
[SourceDate "2005.04.17"]

1. e4 e5 2. Nf3 Nc6 3. Bb5 Nf6 4. d3 Bc5 5. O-O d6 6. c3 O-O 7. Nbd2 Qe7 8. b4
Bb6 9. Nc4 Nd8 10. Be3 Bxe3 11. Nxe3 c6 12. Bc4 g6 13. a4 Be6 14. b5 Bxc4 15.
Nxc4 Ne6 16. Qd2 Kg7 17. Rfb1 Qc7 18. Rb2 Nd7 19. bxc6 bxc6 20. d4 Rab8 21.
Rab1 Rxb2 22. Rxb2 Rb8 23. g3 Rxb2 24. Qxb2 Nb6 25. Qb3 Nd7 26. Qa3 c5 27. d5
Nd8 28. a5 Kf6 29. Qa4 Ke7 30. Nfd2 Nb8 31. f4 f6 32. fxe5 fxe5 33. Qa1 a6 34.
Qf1 Qb7 35. Qh3 h5 36. Qh4+ Kd7 37. Qf6 Qc7 38. Qxg6 Nb7 39. Qe6+ Kd8 40. Nf3
Qd7 41. Qf6+ Qe7 42. Qh8+ Qe8 43. Qh6 Kc7 44. Ng5 Nd7 45. Ne6+ Kc8 46. Ng5 Kc7
47. Ne3 Nxa5 48. Nf5 Nf8 49. Qxf8 1-0

[Event "01sen.Chess Org-Pokal -Senioren-"]
[Site "Bad Zwischenahn(30.07.-08-08)"]
[Date "2004.??.??"]
[Round "5.4"]
[White "Schlachetka, Werner"]
[Black "Kruek, Josef"]
[Result "1-0"]
[WhiteElo "2066"]
[BlackElo "2005"]
[PlyCount "105"]
[EventDate "2004.08.??"]
[SourceDate "2005.04.17"]

1. e4 e5 2. d4 exd4 3. Qxd4 Nc6 4. Qe3 Nf6 5. Bd2 Bb4 6. a3 Bxd2+ 7. Nxd2 O-O
8. O-O-O Re8 9. f4 Qe7 10. Bd3 d5 11. e5 Ng4 12. Qg3 Qc5 13. Nh3 h6 14. Nb3
Qe3+ 15. Qxe3 Nxe3 16. Rd2 Bxh3 17. gxh3 Ne7 18. Re1 N3f5 19. Bxf5 Nxf5 20.
Rxd5 Re7 21. Red1 Kh7 22. Rd7 Rae8 23. Nc5 b6 24. Na6 c5 25. Nc7 Nd4 26. R7xd4
Rxc7 27. Rd6 Rce7 28. h4 Re6 29. Rxe6 Rxe6 30. Rd7 f6 31. Rd6 Re7 32. exf6 gxf6
33. Rxf6 Kg7 34. Rd6 Rf7 35. Kd2 Rxf4 36. Rd7+ Kg6 37. Rxa7 Kh5 38. Ra6 Kxh4
39. Rxb6 h5 40. Rc6 Rf5 41. a4 Kh3 42. a5 h4 43. a6 Kxh2 44. a7 Rf8 45. Rxc5
Ra8 46. Rc7 Kg2 47. Rg7+ Kf2 48. b4 h3 49. b5 h2 50. Rh7 Rxa7 51. Rxh2+ Kf3 52.
Rh4 Rd7+ 53. Kc3 1-0

[Event "01sen.Chess Org-Pokal -Senioren-"]
[Site "Bad Zwischenahn(30.07.-08-08)"]
[Date "2004.??.??"]
[Round "5.5"]
[White "Hempel, Guenther"]
[Black "Luecker, Horst"]
[Result "0-1"]
[WhiteElo "1660"]
[BlackElo "1979"]
[PlyCount "118"]
[EventDate "2004.08.??"]
[SourceDate "2005.04.17"]

1. Nf3 e6 2. c4 f5 3. d4 Nf6 4. Nc3 Be7 5. Bg5 O-O 6. e3 d6 7. Bxf6 Bxf6 8. Be2
Nc6 9. a3 a5 10. O-O Kh8 11. Qd2 Qe7 12. Nb5 e5 13. d5 Nd8 14. Ra2 Nf7 15. b4
c6 16. Nc3 axb4 17. axb4 Rxa2 18. Nxa2 Bd7 19. Rc1 g5 20. Rc2 g4 21. Ne1 Ng5
22. Nc3 Ra8 23. Ra2 Rxa2 24. Nxa2 Ne4 25. Qd1 Qf8 26. Qa4 Qc8 27. dxc6 Bxc6 28.
Qa5 Bd8 29. Qa3 Bd7 30. Qd3 Be7 31. Nc3 Nxc3 32. Qxc3 Kg7 33. Qb2 Be6 34. Qc2
Qa8 35. Qb2 Kf7 36. Nc2 Bf6 37. Qa3 Qxa3 38. Nxa3 Bd7 39. Kf1 Be7 40. Nc2 Ba4
41. Na3 Ke6 42. e4 Bg5 43. exf5+ Kxf5 44. Bd3+ e4 45. Bc2 Bxc2 46. Nxc2 Ke5 47.
Ke2 h5 48. g3 d5 49. c5 d4 50. Na3 Kd5 51. Kd1 d3 52. Nb5 e3 53. fxe3 Bxe3 54.
Nd6 Kc6 55. Nf5 Bg5 56. Ng7 h4 57. Nh5 hxg3 58. hxg3 Kb5 59. Nf4 Bxf4 0-1

[Event "01sen.Chess Org-Pokal -Senioren-"]
[Site "Bad Zwischenahn(30.07.-08-08)"]
[Date "2004.??.??"]
[Round "5.6"]
[White "Freder, Heinrich"]
[Black "Papworth, Dennis"]
[Result "1-0"]
[WhiteElo "1849"]
[BlackElo "1489"]
[PlyCount "23"]
[EventDate "2004.08.??"]
[SourceDate "2005.04.17"]

1. d4 e6 2. Nf3 Nf6 3. e3 c5 4. c3 d5 5. Bd3 Nc6 6. Nbd2 Nd7 7. O-O f5 8. c4
Nf6 9. dxc5 Bxc5 10. Qc2 O-O 11. a3 e5 12. cxd5 1-0

[Event "01sen.Chess Org-Pokal -Senioren-"]
[Site "Bad Zwischenahn(30.07.-08-08)"]
[Date "2004.??.??"]
[Round "5.7"]
[White "Moerger, Karl-Heinz"]
[Black "Schwirz, Horst"]
[Result "1-0"]
[WhiteElo "1817"]
[BlackElo "1505"]
[PlyCount "53"]
[EventDate "2004.08.??"]
[SourceDate "2005.04.17"]

1. e4 e5 2. Nf3 Nc6 3. Bc4 Nf6 4. Nc3 Nxe4 5. Nxe4 d5 6. Bb5 dxe4 7. Nxe5 Bd7
8. Nxd7 Qxd7 9. d3 exd3 10. Qxd3 Qe6+ 11. Qe3 Qe7 12. O-O Rd8 13. Qc3 Rd6 14.
Bf4 Re6 15. Rfe1 Qd7 16. a3 h5 17. h3 Rh7 18. Bd3 Rh8 19. Bf5 Nd8 20. Bxe6 Nxe6
21. Bxc7 Be7 22. Be5 Rg8 23. Rad1 Qb5 24. Qc8+ Bd8 25. Rxd8+ Nxd8 26. Bd6+ Qe2
27. Rxe2# 1-0

[Event "01sen.Chess Org-Pokal -Senioren-"]
[Site "Bad Zwischenahn(30.07.-08-08)"]
[Date "2004.??.??"]
[Round "5.8"]
[White "Bullock, Alfred"]
[Black "Oser, Thor"]
[Result "1/2-1/2"]
[WhiteElo "1499"]
[BlackElo "1604"]
[PlyCount "80"]
[EventDate "2004.08.??"]
[SourceDate "2005.04.17"]

1. c4 e5 2. Nc3 Nf6 3. d3 h6 4. g3 c6 5. Bg2 Bc5 6. Nf3 Qe7 7. O-O a6 8. a3 d6
9. b4 Ba7 10. e4 Bg4 11. Qe1 Nbd7 12. Be3 Bb8 13. Qd2 Be6 14. Na4 Bc7 15. h3
Nh7 16. c5 d5 17. exd5 Bxd5 18. Nb6 Nxb6 19. cxb6 Bd6 20. Rac1 O-O 21. Bc5 Rfe8
22. Rfe1 Qf6 23. Bxd6 Qxd6 24. Qc3 f6 25. Re2 Rad8 26. Re3 Qd7 27. Rce1 Qf7 28.
Nd2 Ng5 29. Ne4 Qh5 30. Nxg5 Qxg5 31. d4 Bxg2 32. Kxg2 Rxd4 33. Qxd4 exd4 34.
Rxe8+ Kh7 35. Rd8 c5 36. Re7 cxb4 37. axb4 Qd2 38. Rxb7 Qxb4 39. Rbd7 Qxb6 40.
Rxd4 a5 1/2-1/2

[Event "01sen.Chess Org-Pokal -Senioren-"]
[Site "Bad Zwischenahn(30.07.-08-08)"]
[Date "2004.??.??"]
[Round "5.9"]
[White "Weber, Siegfried"]
[Black "Borger, Martin"]
[Result "1/2-1/2"]
[WhiteElo "1573"]
[BlackElo "1650"]
[PlyCount "48"]
[EventDate "2004.08.??"]
[SourceDate "2005.04.17"]

1. e4 d6 2. d4 g6 3. f4 Bg7 4. Nf3 Bg4 5. Be2 e6 6. O-O Ne7 7. h3 Bxf3 8. Bxf3
c6 9. c3 O-O 10. Be3 d5 11. e5 Nf5 12. Bf2 Nd7 13. Nd2 Nb6 14. Be2 Bh6 15. g3
a5 16. Nf3 a4 17. g4 Ne7 18. Qd2 Nc4 19. Bxc4 dxc4 20. g5 Bg7 21. Kh2 Qd5 22.
Qe2 Nf5 23. a3 b5 24. Nd2 Rfe8 1/2-1/2

[Event "01sen.Chess Org-Pokal -Senioren-"]
[Site "Bad Zwischenahn(30.07.-08-08)"]
[Date "2004.??.??"]
[Round "6.1"]
[White "Gudat, Alfons"]
[Black "Wicklund-Hansen, Richard"]
[Result "0-1"]
[WhiteElo "1954"]
[BlackElo "2032"]
[PlyCount "102"]
[EventDate "2004.08.??"]
[SourceDate "2005.04.17"]

1. e4 Nc6 2. Nf3 d6 3. h3 Nf6 4. Nc3 g6 5. d4 e6 6. Be2 Bg7 7. Be3 O-O 8. Qd2
a6 9. a4 Nd7 10. Bh6 e5 11. Bxg7 Kxg7 12. O-O exd4 13. Nxd4 Re8 14. Rad1 Nc5
15. Nxc6 bxc6 16. Bf3 Nd7 17. Rfe1 Rb8 18. b3 Kg8 19. g3 Ne5 20. Bg2 Bxh3 21.
Qe2 Bxg2 22. Kxg2 Qf6 23. f4 Nd7 24. e5 Qf5 25. Rd2 dxe5 26. Ne4 Kg7 27. g4 Qe6
28. Rh1 h6 29. f5 gxf5 30. gxf5 Qxf5 31. Ng3 Qe6 32. Qh5 Rh8 33. Nf5+ Kf8 34.
Nxh6 Nf6 35. Qg5 Nd5 36. c4 Nf4+ 37. Kf1 f6 38. Qg1 e4 39. Qc5+ Qe7 40. Qf5 e3
41. Rd7 e2+ 42. Kf2 Qe6 43. Qxf4 Rxh6 44. Qxh6+ Ke8 45. Qg7 Qf5+ 46. Kxe2 Qe4+
47. Kf2 Qc2+ 48. Kg1 Qb1+ 49. Kh2 Qc2+ 50. Kh3 Rxb3+ 51. Kh4 Qe4+ 0-1

[Event "01sen.Chess Org-Pokal -Senioren-"]
[Site "Bad Zwischenahn(30.07.-08-08)"]
[Date "2004.??.??"]
[Round "6.2"]
[White "Luecker, Horst"]
[Black "Budt, Karl-Heinz"]
[Result "1/2-1/2"]
[WhiteElo "1979"]
[BlackElo "2028"]
[PlyCount "53"]
[EventDate "2004.08.??"]
[SourceDate "2005.04.17"]

1. e4 e6 2. d4 d5 3. exd5 exd5 4. Bd3 c5 5. dxc5 Bxc5 6. Qf3 Ne7 7. Ne2 Nbc6 8.
O-O Ne5 9. Bb5+ Kf8 10. Qc3 Bd6 11. Bf4 N7g6 12. Bg3 h5 13. Nf4 Nxf4 14. Bxf4
Ng4 15. Bxd6+ Qxd6 16. Qa3 Qxa3 17. Nxa3 Be6 18. Rfe1 Nf6 19. f3 a6 20. Bf1 g6
21. Rad1 Kg7 22. c3 d4 23. Rxd4 Bxa2 24. Bc4 Bxc4 25. Nxc4 Rae8 26. Rxe8 Rxe8
27. Kf2 1/2-1/2

[Event "01sen.Chess Org-Pokal -Senioren-"]
[Site "Bad Zwischenahn(30.07.-08-08)"]
[Date "2004.??.??"]
[Round "6.3"]
[White "Struck, Bernd Dieter,Dr."]
[Black "Schlachetka, Werner"]
[Result "1-0"]
[WhiteElo "1976"]
[BlackElo "2066"]
[PlyCount "61"]
[EventDate "2004.08.??"]
[SourceDate "2005.04.17"]

1. b4 e5 2. Bb2 Bd6 3. c4 c6 4. g3 Nf6 5. Bg2 Bc7 6. c5 d5 7. cxd6 Qxd6 8. a3
O-O 9. Nc3 Bf5 10. d3 Re8 11. Nf3 h6 12. Nd2 Nbd7 13. O-O a6 14. Qb3 Bb6 15.
Rac1 Bd4 16. Nde4 Nxe4 17. Nxe4 Bxe4 18. Bxe4 Nf6 19. Bg2 Rad8 20. h3 Bxb2 21.
Qxb2 e4 22. dxe4 Nxe4 23. Bxe4 Rxe4 24. e3 Re5 25. Rcd1 Rd5 26. Rxd5 Qxd5 27.
Rc1 Qe4 28. Qc2 Qf3 29. Re1 Rd5 30. Qe2 Qf5 31. e4 1-0

[Event "01sen.Chess Org-Pokal -Senioren-"]
[Site "Bad Zwischenahn(30.07.-08-08)"]
[Date "2004.??.??"]
[Round "6.4"]
[White "Johne, Siegfried"]
[Black "Kruek, Josef"]
[Result "0-1"]
[WhiteElo "1863"]
[BlackElo "2005"]
[PlyCount "63"]
[EventDate "2004.08.??"]
[SourceDate "2005.04.17"]

1. e4 e5 2. Nf3 Nc6 3. Bb5 a6 4. Ba4 Nf6 5. O-O Be7 6. Bxc6 dxc6 7. Nc3 Bg4 8.
h3 Bh5 9. g4 Bg6 10. Qe2 Nd7 11. d4 Bd6 12. dxe5 Nxe5 13. Nxe5 Bxe5 14. f4 Bxc3
15. bxc3 f6 16. Ba3 c5 17. Bxc5 Qd7 18. f5 Qc6 19. Bd4 Bf7 20. e5 Qc4 21. Qe3
O-O-O 22. Rfe1 h5 23. g5 fxg5 24. Qxg5 g6 25. f6 Qa4 26. Kh2 Bxa2 27. Rxa2 Qxa2
28. e6 Qxc2+ 29. Kg1 Qa4 30. f7 Rxd4 31. e7 Rg4+ 32. hxg4 0-1

[Event "01sen.Chess Org-Pokal -Senioren-"]
[Site "Bad Zwischenahn(30.07.-08-08)"]
[Date "2004.??.??"]
[Round "6.5"]
[White "Ziltener, Werner"]
[Black "Moerger, Karl-Heinz"]
[Result "1-0"]
[WhiteElo "1818"]
[BlackElo "1817"]
[PlyCount "24"]
[EventDate "2004.08.??"]
[SourceDate "2005.04.17"]

1. Nf3 Nc6 2. d4 d5 3. c4 e6 4. Nc3 a6 5. e4 dxe4 6. Nxe4 Bb4+ 7. Bd2 Bxd2+ 8.
Qxd2 Nf6 9. Nc3 O-O 10. Be2 Re8 11. Rd1 b6 12. O-O Bb7 1-0

[Event "01sen.Chess Org-Pokal -Senioren-"]
[Site "Bad Zwischenahn(30.07.-08-08)"]
[Date "2004.??.??"]
[Round "6.6"]
[White "Hempel, Guenther"]
[Black "Freder, Heinrich"]
[Result "1/2-1/2"]
[WhiteElo "1660"]
[BlackElo "1849"]
[PlyCount "47"]
[EventDate "2004.08.??"]
[SourceDate "2005.04.17"]

1. Nf3 Nf6 2. c4 c6 3. d4 d5 4. e3 e6 5. Be2 Bd6 6. O-O Nbd7 7. Nc3 O-O 8. Qc2
Qe7 9. e4 dxe4 10. Nxe4 h6 11. Nxd6 Qxd6 12. Be3 Ng4 13. Rad1 Nxe3 14. fxe3 b6
15. Nd2 Bb7 16. Ne4 Qe7 17. Bf3 Rad8 18. b3 c5 19. Nd2 Bxf3 20. Nxf3 Nf6 21.
Ne5 Qc7 22. Qe2 Rd6 23. Qc2 Ng4 24. Qc1 1/2-1/2

[Event "01sen.Chess Org-Pokal -Senioren-"]
[Site "Bad Zwischenahn(30.07.-08-08)"]
[Date "2004.??.??"]
[Round "6.7"]
[White "Oser, Thor"]
[Black "Borger, Martin"]
[Result "1/2-1/2"]
[WhiteElo "1604"]
[BlackElo "1650"]
[PlyCount "34"]
[EventDate "2004.08.??"]
[SourceDate "2005.04.17"]

1. e4 e5 2. Nf3 Nc6 3. Bc4 Be7 4. O-O Nf6 5. d4 d6 6. dxe5 Nxe5 7. Nxe5 dxe5 8.
Qxd8+ Bxd8 9. Nc3 O-O 10. f3 c6 11. Be3 Be6 12. Bxe6 fxe6 13. Rfd1 Bc7 14. Rd3
b6 15. Rad1 Rad8 16. Bg5 Rxd3 17. Rxd3 h6 1/2-1/2

[Event "01sen.Chess Org-Pokal -Senioren-"]
[Site "Bad Zwischenahn(30.07.-08-08)"]
[Date "2004.??.??"]
[Round "6.8"]
[White "Papworth, Dennis"]
[Black "Bullock, Alfred"]
[Result "1/2-1/2"]
[WhiteElo "1489"]
[BlackElo "1499"]
[PlyCount "81"]
[EventDate "2004.08.??"]
[SourceDate "2005.04.17"]

1. e4 c6 2. d4 d5 3. e5 Bf5 4. Bd3 Bxd3 5. Qxd3 e6 6. Ne2 Na6 7. O-O Qd7 8. a3
c5 9. c3 c4 10. Qd1 g6 11. Nd2 Bh6 12. Re1 Ne7 13. Ng3 O-O 14. Qe2 f5 15. exf6
Rxf6 16. Nf3 Bxc1 17. Raxc1 Raf8 18. Ne5 Qd6 19. f3 Nc7 20. Qd2 Ne8 21. Ng4 Rf4
22. Re2 Nf5 23. Nxf5 exf5 24. Ne5 Rh4 25. Rce1 Nf6 26. g3 Rh5 27. Qc2 Kg7 28.
Qa4 a6 29. b3 b5 30. Qa5 cxb3 31. Rb2 Nd7 32. f4 g5 33. Nxd7 Qxd7 34. Rbe2 Rf7
35. Qb4 gxf4 36. gxf4 Qc7 37. Re7 a5 38. Rxc7 axb4 39. Rxf7+ Kxf7 40. cxb4 Rh3
41. Rb1 1/2-1/2

[Event "01sen.Chess Org-Pokal -Senioren-"]
[Site "Bad Zwischenahn(30.07.-08-08)"]
[Date "2004.??.??"]
[Round "6.9"]
[White "Schwirz, Horst"]
[Black "Weber, Siegfried"]
[Result "0-1"]
[WhiteElo "1505"]
[BlackElo "1573"]
[PlyCount "76"]
[EventDate "2004.08.??"]
[SourceDate "2005.04.17"]

1. d4 d6 2. c4 Nd7 3. Nc3 g6 4. e4 Bg7 5. Be2 c5 6. Be3 Qa5 7. Rc1 Ngf6 8. Qd2
O-O 9. h3 cxd4 10. Bxd4 Nc5 11. Bf3 Be6 12. a3 Nb3 13. Qd1 Nxc1 14. Qxc1 Bxc4
15. Qd2 a6 16. Nge2 Bxe2 17. Qxe2 Rac8 18. O-O b5 19. Na2 Nd7 20. Be3 Ne5 21.
Bd2 Qa4 22. Nc3 Qc4 23. Qd1 e6 24. Be2 Qc6 25. Kh1 Rfd8 26. Qc1 d5 27. exd5
exd5 28. Bh6 d4 29. Bxg7 Kxg7 30. Qf4 dxc3 31. Qxe5+ Qf6 32. Qxf6+ Kxf6 33.
bxc3 Rxc3 34. Ra1 Rc2 35. Bf3 Rxf2 36. Rc1 Rd6 37. Kg1 Ra2 38. Rf1 Kg7 0-1

[Event "01sen.Chess Org-Pokal -Senioren-"]
[Site "Bad Zwischenahn(30.07.-08-08)"]
[Date "2004.??.??"]
[Round "7.1"]
[White "Wicklund-Hansen, Richard"]
[Black "Johne, Siegfried"]
[Result "1-0"]
[WhiteElo "2032"]
[BlackElo "1863"]
[PlyCount "67"]
[EventDate "2004.08.??"]
[SourceDate "2005.04.17"]

1. Nf3 d5 2. g3 b6 3. Bg2 Bb7 4. O-O Nf6 5. d4 e6 6. Bg5 Nbd7 7. Nbd2 h6 8. Bf4
c5 9. c3 Be7 10. Re1 O-O 11. Nf1 Ne4 12. N3d2 f5 13. Nxe4 dxe4 14. dxc5 e5 15.
Bc1 Nxc5 16. b4 Nd7 17. Qb3+ Kh7 18. Rd1 Qc7 19. Qe6 Nb8 20. Ne3 Rf6 21. Qb3
Nd7 22. Bb2 Rd8 23. Bh3 g6 24. Rd2 Nc5 25. Qc2 Rxd2 26. Qxd2 Rd6 27. Qc2 Nd7
28. Qb3 Rf6 29. Rd1 Rf8 30. Qe6 Nf6 31. c4 Bxb4 32. Bxe5 Qe7 33. Qxe7+ Bxe7 34.
Bxf6 1-0

[Event "01sen.Chess Org-Pokal -Senioren-"]
[Site "Bad Zwischenahn(30.07.-08-08)"]
[Date "2004.??.??"]
[Round "7.3"]
[White "Budt, Karl-Heinz"]
[Black "Gudat, Alfons"]
[Result "1-0"]
[WhiteElo "2028"]
[BlackElo "1954"]
[PlyCount "58"]
[EventDate "2004.08.??"]
[SourceDate "2005.04.17"]

1. Nf3 f5 2. e4 fxe4 3. Ng5 Nf6 4. d3 e5 5. Nxe4 d5 6. Nxf6+ Qxf6 7. Be2 Bd6 8.
Nc3 c6 9. Bh5+ g6 10. Bf3 O-O 11. Bh6 Re8 12. Qd2 Be6 13. O-O-O b5 14. h4 Nd7
15. h5 Nf8 16. hxg6 Nxg6 17. Bg5 Qf7 18. Bh5 Bf8 19. f4 Qg7 20. fxe5 b4 21. Ne2
Qxe5 22. d4 Qc7 23. Nf4 Bf5 24. Bxg6 Bxg6 25. Nxg6 hxg6 26. Bf6 Bg7 27. Bxg7
Qxg7 28. Qxb4 Rab8 29. Qd6 Rbc8 1-0

[Event "01sen.Chess Org-Pokal -Senioren-"]
[Site "Bad Zwischenahn(30.07.-08-08)"]
[Date "2004.??.??"]
[Round "7.4"]
[White "Freder, Heinrich"]
[Black "Luecker, Horst"]
[Result "1-0"]
[WhiteElo "1849"]
[BlackElo "1979"]
[PlyCount "48"]
[EventDate "2004.08.??"]
[SourceDate "2005.04.17"]

1. d4 e6 2. Nf3 f5 3. Nbd2 Nf6 4. g3 Be7 5. Bg2 O-O 6. O-O d5 7. c3 Ne4 8. Ne5
Nxd2 9. Bxd2 Nd7 10. Nxd7 Bxd7 11. f3 Bg5 12. Re1 Rc8 13. e4 c6 14. Bxg5 Qxg5
15. Qd3 fxe4 16. fxe4 Rf7 17. e5 Rcf8 18. Rf1 Be8 19. a4 Rxf1+ 20. Bxf1 Bg6 21.
Qe2 Qf5 22. a5 a6 23. Bg2 Qg5 24. Re1 Qd8 1-0

[Event "01sen.Chess Org-Pokal -Senioren-"]
[Site "Bad Zwischenahn(30.07.-08-08)"]
[Date "2004.??.??"]
[Round "7.5"]
[White "Schlachetka, Werner"]
[Black "Moerger, Karl-Heinz"]
[Result "1-0"]
[WhiteElo "2066"]
[BlackElo "1817"]
[PlyCount "129"]
[EventDate "2004.08.??"]
[SourceDate "2005.04.17"]

1. e4 e6 2. d4 d5 3. Nc3 Nf6 4. e5 Nfd7 5. f4 c5 6. Nf3 a6 7. Ne2 cxd4 8. Nexd4
Nc6 9. c3 Nxd4 10. cxd4 b5 11. Bd3 Bb4+ 12. Kf2 O-O 13. Bxh7+ Kh8 14. Bd3 f5
15. Ng5 Qe8 16. Qf3 Qg6 17. Qh3+ Kg8 18. Ke2 Nb6 19. Rf1 Bd7 20. Qe3 Be7 21. b3
a5 22. Bd2 a4 23. h3 axb3 24. axb3 Qh5+ 25. Qf3 Qxf3+ 26. Nxf3 b4 27. Rfc1 Rxa1
28. Rxa1 Ra8 29. Rxa8+ Nxa8 30. Ne1 Nc7 31. Nc2 Nb5 32. Bxb5 Bxb5+ 33. Ke3 Bf1
34. Ne1 Bh4 35. Nf3 Be7 36. Kf2 Bd3 37. Ne1 Bb1 38. Ke3 Ba2 39. Nd3 Kf7 40.
Bxb4 Bxb4 41. Nxb4 Bxb3 42. Kf3 Kg6 43. Nc6 Kf7 44. Kg3 Ba4 45. Nd8+ Ke7 46.
Nb7 Kf7 47. Kh4 Bc2 48. Kg5 Be4 49. g3 Bg2 50. h4 Bf1 51. Nd6+ Kf8 52. Kg6 Bd3
53. Nb7 Ba6 54. Nc5 Bc8 55. h5 Kg8 56. h6 gxh6 57. Kf6 Kh7 58. Nxe6 h5 59. Ng5+
Kh6 60. Nf3 Bd7 61. Nh4 Bc8 62. e6 Ba6 63. Nxf5+ Kh7 64. Nd6 h4 65. gxh4 1-0

[Event "01sen.Chess Org-Pokal -Senioren-"]
[Site "Bad Zwischenahn(30.07.-08-08)"]
[Date "2004.??.??"]
[Round "7.6"]
[White "Bullock, Alfred"]
[Black "Hempel, Guenther"]
[Result "1/2-1/2"]
[WhiteElo "1499"]
[BlackElo "1660"]
[PlyCount "53"]
[EventDate "2004.08.??"]
[SourceDate "2005.04.17"]

1. c4 Nf6 2. Nc3 c5 3. g3 e6 4. Bg2 d5 5. cxd5 exd5 6. d3 Be6 7. Bf4 Bd6 8.
Bxd6 Qxd6 9. Nf3 a6 10. d4 c4 11. Ne5 Nc6 12. f4 O-O 13. O-O Ne7 14. e4 dxe4
15. Nxe4 Nxe4 16. Bxe4 Bd5 17. Qc2 Bxe4 18. Qxe4 Qd5 19. Qxd5 Nxd5 20. Nxc4
Rac8 21. Rac1 Rfd8 22. Ne5 f6 23. Nf3 Nb4 24. Rxc8 Rxc8 25. a3 Nd5 26. Rf2 Ne3
27. Re2 1/2-1/2